00792cam a22002051 4500001001300000003000400013005001700017008004100034010001700075040001800092043001200110050000800122110003300130245006600163260012300229300003800352500013500390650004400525999001700569sa 68006843 DLC20260227112519.0711020s1948 ce k 000 0 eng  asa 68006843  aDLCcDLCdDLC aa-ce---00aLAW1 aCeylon.bCustoms Department.10aCeylon customs tariff, June 1949, amended up to May 31, 1949. a[Colombo]bPrinted at the Ceylon Govt. Press; to be purchased at the Govt. Publications Bureau or H.M. Customsc[1948] a1 v. (loose-leaf)bforms.c26 cm. a"... A guide only, and has in itself no legal validity. Authority ... rests on the gazetted notices from which it is compiled ..." 0aTariffxLaw and legislationzSri Lanka. c81563d81563